000 01342nam a2200289 a 4500
001 25558
003 CO-ViMGA
008 141112s2004 ck r 000 u spa d
020 _a9789584224859
040 _aCO-ViMGA
_bspa
_cCO-ViMGA
041 _aSPA
082 0 4 _a980.00498 I52
245 1 0 _aIndios, negros y mestizos en la independencia /
_cEsther Aillón Soria ...[et. al.] ; editor Heraclio Bonilla
250 _a1a ed.
260 _aBogotá :
_bPlaneta,
_c2013
300 _a336 p.
500 _aIncluye bibliografía.
505 _aParte I. Colombia - - Parte II. Ecuador - - Parte III. Venezuela - - Parte IV. Bolivia - - Parte V. Perú
650 1 4 _aESCLAVITUD EN América, (BRASIL, COLOMBIA, ETC.)
_939061
650 1 4 _aINDIGENAS DE América DEL SUR - HISTORIA
_939062
650 1 4 _aMESTIZAJE - HISTORIA - América DEL SUR
_939063
650 1 4 _aNEGROS - HISTORIA - América DEL SUR
_939064
651 _aCOLOMBIA - HISTORIA - GUERRA DE INDEPENDENCIA, 1810 - 1819 / ECUADOR - HISTORIA - GUERRA DE INDEPENDENCIA, 1820 - 1822 / VENEZUELA - HISTORIA - GUERRA DE INDEPENDENCIA, 1810 - 1821 / BOLIVIA - HISTORIA - GUERRA DE INDEPENDENCIA, 1809 - 1825 / PERU - HISTORIA - GUERRA DE INDEPENDENCIA, 1808 - 1824
_939065
700 1 _aBonilla, Heraclio, ed.
_939066
700 1 _aBonilla, Heraclio, ed.
_939066
942 _2ddc
_cBK
999 _c5135
_d5135